000
00260nam a2200109Ia 4500
008
190802s9999 xx 000 0 und d
100
_a
Abulfarah Humayun
245
0
_a
Musbat Soch ki taqat
260
_a
Karachi
_b
City Book
_c
2014
300
_a
191:p
942
_c
BK
999
_c
2517
_d
2517